00953 2200313 4500001002100000005001500021035002500036008004100061082001600102090001800118245017900136260005700315300002500372650002100397850001200418980001500430985000600445999001500451084001600466700002500482700002100507700001900528040001200547041000800559990001800567990001800585990001800603990001800621YOGYA-0209000004188520180712011906 a0010-020900000041885180712 0 ind 04223a349.598 aL 349.598 HIM0 aHimpunan Peraturan-peraturan tentang pemerintah daerah di Indonesia :bpenetapan presiden No. 6 tahun 1959 /cDihimpun: Soewarno Hadiatmodjo, B. Mang Reng Say, Soeono Hartojo aDjakarta :bPNFB-MPH Pertjetakan Djakarta III,c1964 a159 halaman ;c20 cm 4aUndang Undang RI aYOPDYOG a28-06-2007 a1 a07A0022554 a349.598 HIM0 aSoewarno Hadiatmodjo0 aB. Mang Reng Say0 aSoeono Hartojo aYOPDYOG0 aind a22554-PD/A.07 a22554-PD/A.07 a22553-PD/A.09 a22552-PD/A.09